01621nam a2200313 a 450000100100000000500170001000800410002702000150006804000250008308200180010810000340012624501830016026000660034330000240040950000710043350400280050459000260053265000260055865000590058465000360064365000380067965000310071791000380074895201230078695201290090995201230103895201290116199900170129000001668220240528100427.0100309s2005 dr a r 000 0 spa d a9993479802 aDO-SdBNPbspacBNPHU a352.83bP762c1 aPolanco, Gabino José91163210aCurso introductorio al reconocimiento de mercancías para oficiales verificadores, supervisores o vistas aforadores /cGabino José Polanco, presentación Gregorio Lora Arias. aSanto Domingo :bDirección General de Aduanas (DGA),c2005. av. :bil. ;c24 cm. aIncluye datos biográficos del autor en la solapa de la cubierta. aBibliografía : p. 251 aInventariado, 2018/BT 4aAforo (aduanas)99336 4aMercancíasxClasificación y normalización937032 4aNomenclatura arancelaria937033 4aClasificación (mercadeo)918759 0aAranceles de aduana985395 aValidado. Control de calidad. EMS 0010718PDaPDbPDcHDd2010-03-09iLF1l0o352.83 P762c | v. 1p16682-10r2020-06-25w2020-06-25yLFPDZNo se presta 0011718PDaPDbPDcMId2010-03-09iLF1l0o352.83 P762c | v. 1, e. 2p16682-20r2020-06-25w2020-06-25yLFPDZNo se presta 0010718PDaPDbPDcHDd2010-05-05iLF1l0o352.83 P762c | v. 2p16682-30r2020-06-25w2020-06-25yLFPDZNo se presta 0011718PDaPDbPDcMId2010-05-05iLF1l0o352.83 P762c | v. 2, e. 2p16682-40r2020-06-25w2020-06-25yLFPDZNo se presta c16215d16215